| 000 | 00477nam a2200193Ia 4500 | ||
|---|---|---|---|
| 003 | GCL | ||
| 008 | 140319s9999 xx 000 0 eng d | ||
| 040 |
_aGCL / _cGCL |
||
| 082 | 0 | 4 |
_a745.44 _bC A |
| 100 | 1 | _aGILLOW, JOHN | |
| 245 | 1 | 0 |
_aARTS AND CRAFTS OF INDIA / _cGILLOW, JOHN |
| 700 | 1 | _aCOOPER, ILAY | |
| 260 |
_a[S.N] : _bTHAMES AND HUDSON ، _c1996 |
||
| 300 | _a160 P | ||
| 650 | 0 | 4 | _aHANDCRAFT |
| 650 | 0 | 4 | _aARTS |
| 650 | 0 | 4 | _aINDIAN HANDCRAFTS |
| 942 |
_2ddc _cBK |
||
| 999 |
_c14687 _d14687 |
||